000
00306nam a22001217a 4500
082
_a
297.7
_b
SID
100
_a
Sidqi, Niamat
_9
51036
245
_a
تربیت نسواں
260
_a
Lahore,
_b
Daras salam,
_c
2001.
300
_a
150p.
_c
22cm.
526
_a
0
_b
0
_c
0
_d
297_700000000000000_SID
942
_2
ddc
_c
BK
999
_c
553777
_d
553777